00468nam a2200193Ia 4500003000400000005001700004008004100021020001900062040000700081041000800088082001500096100001900111245002600130260005000156300001700206365001200223650001500235650002400250OSt20250725155803.0210719s2019 xx 000 0 und d a977-8131300381 cAL aeng a070.4 RAMM aRamanujam R C aMultimedia journalism aNew DelhibA P H Publishing Corporationc2019 aix,290p.bPB b995cRs aJournalism aTypes of Journalism